000
00228nam a2200097Ia 4500
001
640499
005
20250826153448.0
008
250824s9999 xx 000 0 und d
245
0
_a
ŞAKACI KİTAP
_c
MAVİSEL YENER
260
_b
DOĞAN
999
_c
640499
_d
640499